000
00260nam a2200109Ia 4500
008
201217s9999 xx 000 0 und d
100
_a
Bross, Steward R.
245
0
_a
Ocean Shipping
260
_a
Cambridge
_b
Cornell Maritime Press
300
_a
333
942
_c
BK
999
_c
7568
_d
7568